000 00796nas a22002771i#4500
001 2007
003 ES-MaACL
005 20250903011152.0
007 t|
008 950801d19111918sp m| | 1 ||pa d
080 _a(460)
080 _a06
080 _a51
245 0 0 _aRevista de la Sociedad Matemática Española.
260 _aMadrid :
_bImp. de Eduardo Arias,
_c1911-1918.
300 _av ;
_c25 cm.
310 _aMensual
362 0 _a1911 (mayo) - 1918.
650 4 _aInstituciones científicas y diversas
_913829
650 1 7 _aMatemáticas
_2embne
_914814
710 2 _aReal Sociedad Matemática Española
_96404
785 0 0 _aRevista matemática hispano-americana
852 _aES-MaACL
_jB-8907-11
866 0 _o1911-15(1916 f.ag.-dic.)
999 _c2007
_d2007